Connect 4 : Student's book

Saved in:
Bibliographic Details
Main Author: Jack C.Richards
Format: Book
Language:Undetermined
Published: Cambridge Cambridge University Press 2004
Subjects:
Tags: Add Tag
No Tags, Be the first to tag this record!
Institutions: Trung tâm Học liệu Trường Đại học Cần Thơ
LEADER 00574nam a2200217Ia 4500
001 CTU_102111
008 210402s9999 xx 000 0 und d
020 |c 66666 
082 |a 428.24 
082 |b R514/sb4-CD.3 
100 |a Jack C.Richards 
245 0 |a Connect 4 : 
245 0 |b Student's book 
245 0 |c Jack C.Richards 
260 |a Cambridge 
260 |b Cambridge University Press 
260 |c 2004 
650 |a englis language 
650 |x textbooks for foreign speakers 
904 |i Năm 
980 |a Trung tâm Học liệu Trường Đại học Cần Thơ